|
|
|
|
| LEADER |
00000csc a2200000 a 4500 |
| 001 |
43664d |
| 005 |
20230308205743.0 |
| 008 |
981121|1971 ||||||||r|||||||||||spa|| |
| 040 |
|
|
|b spa
|
| 041 |
1 |
|
|a spa
|
| 082 |
0 |
|
|a 371.3
|
| 100 |
1 |
|
|a Suchodolski, Bogdan
|9 24128
|
| 245 |
|
|
|a Teoría marxista de la educación
|c Bogdan Suchodolski. Traductor María Rosa Borras
|h imp
|
| 264 |
|
|
|a México
|b Edit. Grijalbo
|c 1971
|
| 300 |
|
|
|a 341 páginas:1
|c 22.5 cm
|
| 490 |
|
|
|a Colección Pedagógica
|
| 500 |
|
|
|a PDF, contiene índice y prólogo
|
| 504 |
|
|
|a incl. ref.
|
| 650 |
|
|
|a Teoria marxista educativa
|9 286811
|
| 852 |
|
|
|a UC-CDJBV
|c ESTANTERIA CERRADA
|f Compra
|k margarita.gutierrez
|l 1
|m General
|p 19811215
|q 860,001
|r 2
|t 43664d
|b 0
|d CDRC
|e CDRC
|g 371.3 ESTANTERIA CERRADA
|u http://nas.ucuenca.edu.ec/BibliotecaDigital/ebooks/librosyrev/43664d.pdf
|z 1981-11-21
|
| 856 |
|
|
|u http://nas.ucuenca.edu.ec/BibliotecaDigital/ebooks/librosyrev/43664d.pdf
|
| 942 |
|
|
|
| 999 |
|
|
|c 112703
|d 112703
|